City Subreddits with the Most Subscribers - Statistics

General Stats
  • This quiz has been taken 406 times
    121 since last reset
  • The average score is 27 of 50
Answer Stats
Subscribers City % Correct
934,655 New York City
97%
1,421,408 London
91%
868,783 Los Angeles
85%
391,095 Paris
83%
599,490 Chicago
75%
828,619 Tokyo
75%
701,947 Bay Area
68%
583,305 Berlin
68%
470,805 Dallas
68%
582,426 San Francisco
68%
852,685 Toronto
68%
723,117 Seattle
67%
365,619 SeattleWA
67%
1,234,302 New Delhi
66%
645,161 Mexico City
64%
742,287 Sydney
64%
710,457 Boston
63%
508,499 Houston
63%
585,410 Vancouver
63%
995,917 Melbourne
59%
447,355 Washington D.C.
57%
996,216 Mumbai
56%
383,172 Rio de Janeiro
56%
504,966 Atlanta
55%
543,701 Austin
55%
355,158 Portland
54%
346,755 Montreal
52%
454,716 Istanbul
51%
445,120 San Diego
51%
337,447 Amsterdam
48%
334,725 Phoenix
48%
1,753,986 Singapore
48%
448,130 Denver
47%
615,797 Sao Paulo
47%
554,503 Philadelphia
45%
414,025 Manchester
44%
409,257 Kolkata
43%
988,160 Bangalore
40%
669,828 Hong Kong
40%
363,684 Munich
40%
357,993 Perth
40%
447,525 Dubai
38%
346,744 Ottawa
38%
480,598 Brisbane
37%
403,130 Calgary
36%
534,433 Chennai
30%
310,008 Edmonton
30%
515,356 Hyderabad
27%
330,871 Guadalajara
18%
536,992 Monterrey
17%
No matching quizzes found
Score Distribution
Percent of People with Each Score
Percentile by Number Answered
Your Score History
You have not taken this quiz since the last reset